McGraw-Hill dictionary of scientific and technical terms (Record no. 202978)

MARC details
000 -LEADER
fixed length control field 00498nam a2200181Ia 4500
008 - FIXED-LENGTH DATA ELEMENTS--GENERAL INFORMATION
fixed length control field 150909s9999 xx 000 0 und d
041 ## - LANGUAGE CODE
Language code of text/sound track or separate title English
082 ## - DEWEY DECIMAL CLASSIFICATION NUMBER
Item number MCG
100 ## - MAIN ENTRY--PERSONAL NAME
Personal name Lapedes Daniel N
100 ## - MAIN ENTRY--PERSONAL NAME
Relator term Editor
245 ## - TITLE STATEMENT
Title McGraw-Hill dictionary of scientific and technical terms
260 ## - PUBLICATION, DISTRIBUTION, ETC. (IMPRINT)
Place of publication, distribution, etc. New York
260 ## - PUBLICATION, DISTRIBUTION, ETC. (IMPRINT)
Name of publisher, distributor, etc. McGraw-Hill Book Co
260 ## - PUBLICATION, DISTRIBUTION, ETC. (IMPRINT)
Date of publication, distribution, etc. 1976
300 ## - PHYSICAL DESCRIPTION
Extent A26 Pages
650 ## - SUBJECT ADDED ENTRY--TOPICAL TERM
Topical term or geographic name as entry element Science, Technologies
942 ## - ADDED ENTRY ELEMENTS (KOHA)
Koha item type Reference Book
Holdings
Withdrawn status Lost status Damaged status Not for loan Home library Current library Date acquired Total Checkouts Full call number Barcode Date last seen Price effective from Koha item type
        College of Agriculture, Vellanikkara College of Agriculture, Vellanikkara 28/02/2022   SR.500 MCG KAU_COA-3706 16/09/2015 16/09/2015 Reference Book
Kerala Agricultural University Central Library
Thrissur-(Dt.), Kerala Pin:- 680656, India
Ph : (+91)(487) 2372219
E-mail: librarian@kau.in
Website: http://library.kau.in/